000 00457nam a22001577a 4500
003 OSt
005 20220812151918.0
008 220812b ||||| |||| 00| 0 eng d
040 _cAACR 2
082 _a621 SAY
100 _aSayand, N and et.al.
_913259
245 _aDesign and development of river pond waste and weed collector
260 _aPonnampet
_bCoorg Institute of Technology
_c2022
600 _aMechanical Engineering
_913252
942 _2ddc
_cPR
999 _c189725
_d189725